000 00660cam a2200193 4500
001 ABS62108
008 000000n2000 000 0 eng u
035 _a(Sirsi) u105155
100 _aFordham, R.
245 _aDeveloping a system that offers fair gains
260 _c2000
490 _aPlanning (for the Natural and Built Environment)
_v(1361) 24 March 2000, 24(1)
520 _aDescribes the development of planning gain and quotes cases which illustrate the way it works in practice.
590 _aABS
650 _aPLANNING GAIN
650 _aTOWN PLANNING
690 _aENVIRONMENTAL AND LAND CONSULTANCY-PLANNING AND DEVELOPMENT
942 _n0
999 _c63055
_d63055